[Event "Mittelrhein Verbandsliga Ost 1314"]
[Site "Mittelrhein"]
[Date "2014.02.09"]
[Round "7.1"]
[White "Andreev, Eduard"]
[Black "Dormann, Lars"]
[Result "1/2-1/2"]
[WhiteElo "2520"]
[BlackElo "2175"]
[PlyCount "55"]
[EventDate "2013.09.15"]
[EventType "team-tourn"]
[EventRounds "11"]
[EventCountry "GER"]
[SourceTitle "EXT 2023"]
[Source "ChessBase"]
[SourceDate "2022.10.05"]
[SourceVersion "1"]
[SourceVersionDate "2022.10.05"]
[SourceQuality "1"]
[WhiteTeam "Siegburg"]
[BlackTeam "Troisdorf"]
[WhiteTeamCountry "GER"]
[BlackTeamCountry "GER"]

1. e4 e6 2. d4 d5 3. Nd2 Nf6 4. e5 Nfd7 5. Bd3 c5 6. c3 Nc6 7. Ne2 Qb6 8. Nf3 cxd4 9. cxd4 f6 10. exf6 Nxf6 11. 0-0 Bd6 12. Nc3 0-0 13. Be3 a6 14. a3 Qc7 15. Rc1 Bd7 16. b4 b5 17. Re1 Rae8 18. Bg5 Bf4 19. Bxf4 Qxf4 20. Ne2 Qd6 21. Ng3 e5 22. dxe5 Nxe5 23. Nxe5 Rxe5 24. h3 Rfe8 25. Rxe5 Qxe5 26. Qd2 g6 27. Ne2 Kf7 28. Nd4 1/2-1/2

[Event "Mittelrhein Verbandsliga Ost 1314"]
[Site "Mittelrhein"]
[Date "2013.11.10"]
[Round "3.1"]
[White "Sondors, Peteris"]
[Black "Dormann, Lars"]
[Result "0-1"]
[WhiteElo "1960"]
[BlackElo "2175"]
[PlyCount "54"]
[EventDate "2013.09.15"]
[EventType "team-tourn"]
[EventRounds "11"]
[EventCountry "GER"]
[SourceTitle "EXT 2023"]
[Source "ChessBase"]
[SourceDate "2022.10.05"]
[SourceVersion "1"]
[SourceVersionDate "2022.10.05"]
[SourceQuality "1"]
[WhiteTeam "Godesberg IV"]
[BlackTeam "Troisdorf"]
[WhiteTeamCountry "GER"]
[BlackTeamCountry "GER"]

1. c4 Nf6 2. Nc3 c5 3. e4 Nc6 4. g3 e6 5. Bg2 d5 6. exd5 exd5 7. cxd5 Nb4 8. Qe2+ Be7 9. d3 0-0 10. Be3 Bf5 11. 0-0-0 Nfxd5 12. Nxd5 Nxd5 13. Be4 Be6 14. f4 Nxe3 15. Qxe3 Bxa2 16. Nf3 Bf6 17. Ne5 Re8 18. Bxb7 Rb8 19. Be4 Rxe5 20. Rd2 Re7 21. g4 Bd4 22. Qh3 g6 23. f5 Qb6 24. Qg2 Be3 25. fxg6 Qxb2+ 26. Kd1 Bb3+ 27. Ke1 Qc1+ 0-1

[Event "Oberliga NRW 0607"]
[Site "Germany"]
[Date "2006.09.17"]
[Round "1.5"]
[White "Dormann, Lars"]
[Black "Bruemmer, Frank"]
[Result "1-0"]
[WhiteElo "2240"]
[BlackElo "2271"]
[PlyCount "49"]
[EventDate "2006.09.17"]
[EventType "team-tourn"]
[EventRounds "9"]
[EventCountry "GER"]
[SourceTitle "EXT 2007"]
[Source "ChessBase"]
[SourceDate "2006.11.23"]
[SourceVersion "1"]
[SourceVersionDate "2006.11.23"]
[SourceQuality "1"]
[WhiteTeam "Muenster"]
[BlackTeam "Gescher"]
[WhiteTeamCountry "GER"]
[BlackTeamCountry "GER"]

1. e4 e6 2. Nc3 d5 3. d4 Nf6 4. Bg5 Be7 5. e5 Nfd7 6. Bxe7 Qxe7 7. f4 a6 8. Nf3 c5 9. dxc5 Nc6 10. Qd2 0-0 11. Bd3 Qxc5 12. 0-0-0 Nb6 13. Bxh7+ Kxh7 14. Ng5+ Kg6 15. Qd3+ f5 16. Qh3 Nxe5 17. Qh7+ Kf6 18. fxe5+ Ke7 19. Qxg7+ Ke8 20. Nh7 Rf7 21. Qg8+ Ke7 22. Rd3 Nc4 23. Nf6 Rf8 24. Qg5 Kf7 25. Rh3 1-0

[Event "Troisdorf op"]
[Site "Troisdorf"]
[Date "2003.12.09"]
[Round "7"]
[White "Kolkin, Michail"]
[Black "Dormann, Lars"]
[Result "1-0"]
[WhiteElo "2010"]
[BlackElo "2231"]
[PlyCount "65"]
[EventDate "2003.10.14"]
[EventType "swiss"]
[EventRounds "7"]
[EventCountry "GER"]
[SourceTitle "EXT 2005"]
[Source "ChessBase"]
[SourceDate "2004.11.15"]
[SourceVersion "1"]
[SourceVersionDate "2004.11.15"]
[SourceQuality "1"]

1. d4 f5 2. g3 Nf6 3. Bg2 g6 4. Nf3 Bg7 5. b4 Nc6 6. b5 Na5 7. Nbd2 d5 8. Bb2 a6 9. a4 Ne4 10. 0-0 0-0 11. Ne5 Be6 12. Ndf3 Qe8 13. bxa6 Rxa6 14. Qd3 Nc4 15. Nxc4 dxc4 16. Qa3 b5 17. a5 c6 18. Rfd1 Bd5 19. e3 g5 20. Ne5 Rf6 21. f3 Nd6 22. Re1 Nb7 23. Bc3 Rh6 24. e4 fxe4 25. fxe4 Be6 26. d5 cxd5 27. exd5 Bf5 28. Nc6 Qh5 29. Nxe7+ Kf7 30. Nxf5 Qxh2+ 31. Kf2 Bf8 32. Re7+ Kg8 33. Rh1 1-0

[Event "Troisdorf op"]
[Site "Troisdorf"]
[Date "2003.12.02"]
[Round "6"]
[White "Dormann, Lars"]
[Black "Raupach, Gregor"]
[Result "1/2-1/2"]
[WhiteElo "2231"]
[BlackElo "1879"]
[PlyCount "23"]
[EventDate "2003.10.14"]
[EventType "swiss"]
[EventRounds "7"]
[EventCountry "GER"]
[SourceTitle "EXT 2005"]
[Source "ChessBase"]
[SourceDate "2004.11.15"]
[SourceVersion "1"]
[SourceVersionDate "2004.11.15"]
[SourceQuality "1"]

1. e4 e5 2. Nf3 Nf6 3. d4 Nxe4 4. Bd3 d5 5. Nxe5 Bd6 6. 0-0 0-0 7. c4 c6 8. Re1 f5 9. Nc3 Nd7 10. Nf3 Ndf6 11. cxd5 cxd5 12. Qb3 1/2-1/2

[Event "BL2-West 0304"]
[Site "Germany"]
[Date "2003.??.??"]
[Round "?.7"]
[White "Buscher, Michael"]
[Black "Dormann, Lars"]
[Result "1-0"]
[WhiteElo "2260"]
[BlackElo "2255"]
[PlyCount "117"]
[EventDate "2003.12.14"]
[EventType "team-tourn"]
[EventRounds "9"]
[EventCountry "GER"]
[SourceTitle "CBM 100 Extra"]
[Source "ChessBase"]
[SourceDate "2004.07.06"]
[SourceVersion "2"]
[SourceVersionDate "2004.07.06"]
[SourceQuality "1"]
[WhiteTeam "Bergheim"]
[BlackTeam "Muenster"]
[WhiteTeamCountry "GER"]
[BlackTeamCountry "GER"]

1. Nf3 f5 2. d4 Nf6 3. g3 g6 4. Bg2 Bg7 5. 0-0 0-0 6. Nbd2 Nc6 7. Re1 d5 8. c4 e6 9. b3 Ne4 10. Bb2 b6 11. cxd5 exd5 12. Rc1 Bb7 13. Qc2 Qe7 14. e3 Rf7 15. a3 a5 16. Bf1 Raf8 17. Nh4 g5 18. Ng2 Nd8 19. f3 Nd6 20. f4 g4 21. h3 h5 22. Nh4 Kh7 23. hxg4 hxg4 24. Kf2 Ne4+ 25. Nxe4 fxe4 26. Be2 Bc8 27. Rh1 Bh6 28. Ng2 Rg7 29. Rh5 Be6 30. Rch1 Rf6 31. a4 Nf7 32. Ke1 Qb4+ 33. Qc3 Qxc3+ 34. Bxc3 Nd6 35. Kf2 Nf5 36. Rc1 Bf7 37. Rhh1 Be8 38. Bd2 Kg8 39. Nh4 Nd6 40. b4 axb4 41. Bxb4 Nb7 42. Ra1 Bd7 43. Rhc1 c6 44. Rcb1 Bg5 45. Ng2 Rff7 46. Ba6 Bc8 47. a5 Bd8 48. axb6 Bxb6 49. Bxb7 Bxb7 50. Bd6 Bd8 51. Be5 Rh7 52. Ra7 Kf8 53. Kg1 Ke8 54. f5 Bc8 55. Ra8 Bb7 56. Rb8 Ba6 57. Ra1 Ra7 58. Bf6 Rhd7 59. Nf4 1-0

[Event "BL2-West 0304"]
[Site "Germany"]
[Date "2003.??.??"]
[Round "?.8"]
[White "Sutmuller, Jos"]
[Black "Dormann, Lars"]
[Result "1/2-1/2"]
[WhiteElo "2156"]
[BlackElo "2255"]
[PlyCount "42"]
[EventDate "2003.12.14"]
[EventType "team-tourn"]
[EventRounds "9"]
[EventCountry "GER"]
[SourceTitle "CBM 100 Extra"]
[Source "ChessBase"]
[SourceDate "2004.07.06"]
[SourceVersion "2"]
[SourceVersionDate "2004.07.06"]
[SourceQuality "1"]
[WhiteTeam "Heiligenhaus"]
[BlackTeam "Muenster"]
[WhiteTeamCountry "GER"]
[BlackTeamCountry "GER"]

1. d4 f5 2. Bg5 g6 3. Nc3 Bg7 4. e4 fxe4 5. Nxe4 d5 6. Ng3 Qd6 7. c3 Nh6 8. Nf3 Nf7 9. Be3 Nc6 10. Bb5 0-0 11. 0-0 Bg4 12. h3 Bxf3 13. Qxf3 a6 14. Bd3 e5 15. dxe5 Nfxe5 16. Qd1 Nxd3 17. Qxd3 Ne5 18. Qc2 Nc4 19. Rae1 Rae8 20. Bc1 c6 21. Qd1 Qf6 1/2-1/2

[Event "Oberliga NRW 9798 I"]
[Site "Germany"]
[Date "1998.??.??"]
[Round "9.3"]
[White "Balduan, Markus"]
[Black "Dormann, Lars"]
[Result "1-0"]
[WhiteElo "2355"]
[BlackElo "2270"]
[PlyCount "118"]
[EventDate "1997.10.??"]
[EventType "team"]
[EventRounds "9"]
[EventCountry "GER"]
[SourceTitle "EXT 1999"]
[Source "ChessBase"]
[SourceDate "1998.11.16"]
[SourceVersion "1"]
[SourceVersionDate "1998.11.16"]
[SourceQuality "1"]
[WhiteTeam "Solingen II"]
[BlackTeam "Muenster II"]
[WhiteTeamCountry "GER"]
[BlackTeamCountry "GER"]

1. c4 f5 2. Nc3 Nf6 3. g3 g6 4. Bg2 Bg7 5. d3 d6 6. e4 Nc6 7. Nge2 0-0 8. 0-0 e5 9. Nd5 Be6 10. Bg5 Qd7 11. Qd2 Kh8 12. Rac1 Ng8 13. Be3 Rf7 14. exf5 Bxf5 15. d4 Bh3 16. dxe5 Nxe5 17. f4 Bxg2 18. Kxg2 Ng4 19. Bd4 c6 20. Ndc3 Re8 21. h3 N4f6 22. Ng1 Rfe7 23. Rce1 Nh6 24. Rxe7 Rxe7 25. Re1 Rxe1 26. Qxe1 Nf5 27. Bf2 b6 28. Nf3 Kg8 29. Ng5 d5 30. g4 Nd6 31. cxd5 Nxd5 32. Nxd5 cxd5 33. Qe2 h6 34. Nf3 Ne4 35. Bd4 Qf7 36. Bxg7 Kxg7 37. Qe3 Kh7 38. Qc1 Nc5 39. Ne5 Qb7 40. Kh2 d4 41. Qc4 d3 42. Nxd3 Nxd3 43. Qxd3 Qf7 44. f5 Qc7+ 45. Kg2 Qc6+ 46. Kf2 gxf5 47. Qxf5+ Kg7 48. Qe5+ Kg6 49. Qf5+ Kg7 50. a3 Qd6 51. Kf3 Qd1+ 52. Ke4 Qc2+ 53. Kd5 Qb3+ 54. Kc6 Qxb2 55. Qd7+ Kg6 56. Qxa7 Qc3+ 57. Kb7 Kg5 58. a4 Qb4 59. Qa6 Kg6 1-0

[Event "Muenster op"]
[Site "Muenster"]
[Date "1995.??.??"]
[Round "3"]
[White "Zlochevskij, Alexander"]
[Black "Dormann, Lars"]
[Result "1-0"]
[WhiteElo "2485"]
[BlackElo "2285"]
[PlyCount "75"]
[EventDate "1995.??.??"]
[EventType "swiss"]
[EventRounds "9"]
[EventCountry "GER"]
[SourceTitle "EXT 2001"]
[Source "ChessBase"]
[SourceDate "2000.11.22"]
[SourceVersion "1"]
[SourceVersionDate "2000.11.22"]
[SourceQuality "1"]

1. d4 f5 2. Nf3 Nf6 3. Bg5 e6 4. Nbd2 d5 5. e3 Be7 6. Bxf6 Bxf6 7. c4 0-0 8. Bd3 c6 9. Qc2 Bd7 10. 0-0 Be8 11. b4 g5 12. Nb3 g4 13. Nfd2 Be7 14. Nc5 Qc8 15. Be2 Bd6 16. Rfc1 Rf6 17. Nd3 Qc7 18. g3 Qg7 19. cxd5 exd5 20. b5 h5 21. bxc6 Bxc6 22. Bf1 Nd7 23. Qb3 Re6 24. Rc2 h4 25. Bg2 Nf6 26. Rac1 Rae8 27. Nb4 hxg3 28. hxg3 Bxg3 29. fxg3 Rxe3 30. Rc3 Re1+ 31. Rxe1 Rxe1+ 32. Nf1 Ne4 33. Nxc6 bxc6 34. Qb8+ Kh7 35. Rxc6 Qxd4+ 36. Kh2 Nf6 37. Rc7+ Kg6 38. Qh8 1-0

[Event "Oberliga NRW 9495 I"]
[Site "Germany"]
[Date "1994.??.??"]
[Round "2.6"]
[White "Dormann, Lars"]
[Black "Goy, Udo"]
[Result "1/2-1/2"]
[WhiteElo "2285"]
[BlackElo "2220"]
[PlyCount "35"]
[EventDate "1994.10.??"]
[EventType "team"]
[EventRounds "9"]
[EventCountry "GER"]
[SourceTitle "GER"]
[Source "ChessBase"]
[SourceDate "1999.07.01"]
[SourceVersion "1"]
[SourceVersionDate "1999.07.01"]
[SourceQuality "1"]
[WhiteTeam "Muenster II"]
[BlackTeam "Solingen"]
[WhiteTeamCountry "GER"]
[BlackTeamCountry "GER"]

1. e4 c5 2. Nc3 e6 3. g3 d5 4. exd5 exd5 5. Bg2 Nf6 6. d3 Bg4 7. Nge2 Nc6 8. h3 Bxe2 9. Qxe2+ Be7 10. Bg5 0-0 11. 0-0 Re8 12. Rfe1 Qd7 13. Qd2 d4 14. Bxf6 Bxf6 15. Nd5 Be5 16. Re2 Bd6 17. Rae1 Rxe2 18. Qxe2 1/2-1/2

[Event "Giessen op"]
[Site "Giessen"]
[Date "1993.??.??"]
[Round "6"]
[White "Dormann, Lars"]
[Black "Kruszynski, Wlodzimierz"]
[Result "1/2-1/2"]
[WhiteElo "2290"]
[BlackElo "2380"]
[PlyCount "128"]
[EventDate "1993.??.??"]
[EventType "swiss"]
[EventRounds "7"]
[EventCountry "GER"]
[SourceTitle "GER"]
[Source "ChessBase"]
[SourceDate "1999.07.01"]
[SourceVersion "1"]
[SourceVersionDate "1999.07.01"]
[SourceQuality "1"]

1. e4 c5 2. Nc3 Nc6 3. g3 g6 4. Bg2 Bg7 5. d3 d6 6. f4 e6 7. Nf3 Nge7 8. 0-0 0-0 9. Be3 Nd4 10. Qd2 Rb8 11. Rae1 Qd7 12. e5 Nxf3+ 13. Bxf3 b6 14. exd6 Qxd6 15. Bf2 Bb7 16. Bxb7 Rxb7 17. Qe2 Rd7 18. Ne4 Qd5 19. b3 Nc6 20. Qf3 h6 21. Re2 f5 22. Nd2 Nb4 23. Qxd5 exd5 24. Nf3 Nxa2 25. Be1 Nc1 26. Re6 Kf7 27. Rc6 Re8 28. Bd2 Ne2+ 29. Kg2 Nd4 30. Nxd4 Bxd4 31. Re1 Rxe1 32. Bxe1 Bf6 33. Kf3 g5 34. g4 Re7 35. Bg3 Kg6 36. fxg5 hxg5 37. h4 fxg4+ 38. Kxg4 gxh4 39. Bxh4 Rf7 40. c3 Kg7 41. Bxf6+ Rxf6 42. Rc7+ Rf7 43. Rc6 Rf1 44. b4 cxb4 45. cxb4 Kf7 46. Rh6 Ke7 47. b5 d4 48. Rh7+ Kd6 49. Rxa7 Kc5 50. Rc7+ Kd5 51. Rc6 Rd1 52. Rxb6 Rxd3 53. Kf4 Kc5 54. Rb8 Rb3 55. b6 Rxb6 56. Rxb6 Kxb6 57. Ke4 Kc5 58. Kd3 Kd5 59. Kd2 Ke4 60. Ke2 d3+ 61. Kd2 Kd4 62. Kd1 Ke3 63. Ke1 d2+ 64. Kd1 Kd3 1/2-1/2